Les personnages de Peppa Pig - Statistiques

Statistiques générales
  • Ce quiz a été pris 119 fois
  • Le résultat moyen est 11 sur 20
Statistiques - réponses
Par images Réponse % Correct
Papa pig
100%
Peppa Pig
100%
Maman pig
98%
Georges Pig
83%
Mamy pig
80%
Papy pig
78%
Mme Gazelle
66%
Suzy Sheep
66%
Rebecca Rabbit
64%
Pedro Poney
63%
Zoé Zebra
62%
Danny Dog
54%
Émilie Elephant
44%
Candy Cat
38%
Freddy Fox
37%
Edmond Elephant
29%
Wendy Wolf
29%
Gerald Girafe
22%
Mandy Mouse
16%
Simon Squirrel
8%
Aucun quiz correspondant
Distribution des résultats
% des personnes avec chaque résultat
Percentile par nombre de réponses
Votre historique - résultats
Vous n’avez pas pris ce quiz